000 00313 a2200097 4500
100 1 _aMinkovic, B.M..
_eAutor
700 1 _aJakovlev, V.P..
_eAutor
245 0 _aTeorija sinteza antenn /
_cMinkovic B.M., Jakovlev V.P..
710 2 _aSovetskoe Radio.
_eWydawca
_4pbl
260 _aMoskva :
_bSovetskoe Radio,
_c1969.
300 _a293 s.;
_c24 cm.
999 _c8140
_d8140